| 000 | 004240000a22001690004500 | ||
|---|---|---|---|
| 003 | MACL | ||
| 005 | 20160122151819.0 | ||
| 008 | 160122b xxu||||| |||| 00| 0 eng d | ||
| 040 |
_aMACL _cMACL |
||
| 041 | _aEnglish | ||
| 082 | _a658/PET | ||
| 100 |
_aPeters, Tom _934106 |
||
| 245 | _aThe tom Perers Seminar | ||
| 260 |
_bMacmillan london _c1994 _aLondon |
||
| 650 |
_aGeneral management _97116 |
||
| 942 |
_cBK _k658/mac _2ddc |
||
| 999 |
_c33196 _d33196 |
||